| Tag |
First Indicator |
Second Indicator |
Subfields |
| LEADER |
00000pam a2200000 a 4500 |
| 001 |
in00000374331 |
| 005 |
20151011090030.0 |
| 008 |
820115s1982 nyua bc 00110 eng |
| 010 |
|
|
|a 81022907
|
| 020 |
|
|
|a 0810916428
|
| 035 |
|
|
|a (OCoLC)08170107
|
| 035 |
|
|
|9 ABQ5686AM
|
| 039 |
0 |
|
|a 2
|b 3
|c 3
|d 3
|e 3
|
| 040 |
|
|
|a DLC
|c DLC
|d TXA
|d UtOrBLW
|
| 043 |
|
|
|a n-us---
|
| 049 |
|
|
|a TXAM
|c [934790]
|
| 050 |
0 |
0 |
|a NK5198 S7
|b M3 1982
|
| 082 |
0 |
|
|a 748.29147/83
|2 19
|
| 100 |
1 |
|
|a Madigan, Mary Jean Smith.
|
| 245 |
1 |
0 |
|a Steuben Glass :
|b an American tradition in crystal /
|c Mary Jean Madigan.
|
| 264 |
|
1 |
|a New York :
|b H.N. Abrams,
|c [1982?]
|
| 300 |
|
|
|a 320 pages :
|b illustrations (some color) ;
|c 31 cm.
|
| 336 |
|
|
|a text
|b txt
|2 rdacontent
|
| 337 |
|
|
|a unmediated
|b n
|2 rdamedia
|
| 338 |
|
|
|a volume
|b nc
|2 rdacarrier
|
| 500 |
|
|
|a Includes index.
|
| 504 |
|
|
|a Bibliography: pages 315-316.
|
| 610 |
2 |
0 |
|a Steuben Glass, inc.
|x History.
|
| 650 |
|
0 |
|a Glassware
|z United States
|x History
|y 20th century
|v Catalogs.
|
| 650 |
|
0 |
|a Cut glass
|z United States
|x Catalogs.
|
| 999 |
|
|
|a MARS
|
| 999 |
f |
f |
|s cd432a85-f1ec-3b69-85fa-b3123febe303
|i 81927934-f51c-36e6-b813-38453997bd91
|t 0
|
| 952 |
f |
f |
|p normal
|a Texas A&M University
|b College Station
|c Sterling C. Evans Library
|d Evans: Library Stacks
|t 0
|e NK5198 S7 M3 1982
|h Library of Congress classification
|i unmediated -- volume
|m A14807401416
|
| 998 |
f |
f |
|a NK5198 S7 M3 1982
|t 0
|l Evans: Library Stacks
|